Statistics for The Plagues of Egypt

Click here to take the quiz!

General Stats

  • This quiz has been taken 107 times
  • The average score is 6 of 10

Answer Stats

OrderPlagues% Correct
The First PlagueThe Plague of Blood
91%
The Eighth PlagueThe Plague of Locusts
85%
The Second PlagueThe Plague of Frogs
77%
The Seventh PlagueThe Plague of Hail
64%
The Tenth PlagueThe Plague on the Firstborn
64%
The Ninth PlagueThe Plague of Darkness
63%
The Sixth PlagueThe Plague of Boils
60%
The Fourth PlagueThe Plague of Flies
52%
The Third PlagueThe Plague of Gnats
51%
The Fifth PlagueThe Plague on Livestock
40%

Score Distribution

Percentile by Number Answered

Percent of People with Each Score

Your Score History

You have not taken this quiz